[Event "Nova Gorica op 22nd"]
[Site "Nova Gorica"]
[Date "2017.02.01"]
[Round "8"]
[White "Sekulic, Dusan"]
[Black "Zirkelbach, Maj"]
[Result "0-1"]
[WhiteElo "2218"]
[BlackElo "2176"]
[PlyCount "114"]
[EventDate "2017.01.27"]
[EventType "swiss"]
[EventRounds "9"]
[EventCountry "SLO"]
[SourceTitle "CBM 176 Extra"]
[Source "ChessBase"]
[SourceDate "2017.03.02"]
[SourceVersion "1"]
[SourceVersionDate "2017.03.02"]
[SourceQuality "1"]

1. d4 Nf6 2. c4 e6 3. Nf3 d5 4. Nc3 Bb4 5. Qa4+ Nc6 6. Ne5 Bxc3+ 7. bxc3 Bd7 8. Nxd7 Qxd7 9. Ba3 Ne5 10. Qxd7+ Nexd7 11. cxd5 exd5 12. e3 Nb6 13. Rb1 Ne4 14. f3 Nd6 15. Bxd6 cxd6 16. Bb5+ Ke7 17. a4 Rab8 18. e4 a6 19. a5 axb5 20. axb6 Ra8 21. 0-0 Ra3 22. Rxb5 dxe4 23. fxe4 Rxc3 24. Rbf5 Rf8 25. d5 f6 26. R5f3 Rc4 27. Ra1 Rd8 28. Rg3 Kf7 29. Ra7 Rd7 30. Raa3 Re7 31. e5 dxe5 32. Ra5 Rc2 33. Raa3 Rd7 34. Rgc3 Rb2 35. Rc7 Ke7 36. d6+ Ke6 37. Rac3 Rxd6 38. h3 g5 39. Rxh7 Rbxb6 40. Rcc7 Rb1+ 41. Kh2 b5 42. h4 gxh4 43. Rxh4 b4 44. Rb7 b3 45. Rhb4 Rd3 46. R4b6+ Kf5 47. Rf7 Ke4 48. Rfxf6 Ke3 49. Rb4 e4 50. Rfb6 Rb2 51. Rb8 Rdd2 52. Rxb3+ Rxb3 53. Rxb3+ Kf2 54. Rb8 e3 55. Rf8+ Ke1 56. Kh3 e2 57. g3 Rd3 0-1

[Event "Vojvodina-chT"]
[Site "Kac"]
[Date "2016.11.19"]
[Round "7.1"]
[White "Cabarkapa, Novak"]
[Black "Sekulic, Dusan"]
[Result "1-0"]
[WhiteElo "2413"]
[BlackElo "2218"]
[PlyCount "79"]
[EventDate "2016.11.15"]
[EventType "team-tourn"]
[EventRounds "11"]
[EventCountry "SRB"]
[SourceTitle "CBM 175 Extra"]
[Source "ChessBase"]
[SourceDate "2016.12.12"]
[SourceVersion "1"]
[SourceVersionDate "2016.12.12"]
[SourceQuality "1"]
[WhiteTeam "Kraljica PTT"]
[BlackTeam "Banovci Dunav"]
[WhiteTeamCountry "SRB"]
[BlackTeamCountry "SRB"]

1. b3 d5 2. Bb2 c5 3. e3 Nc6 4. f4 Nf6 5. Nf3 Bg4 6. h3 Bxf3 7. Qxf3 e6 8. Bb5 Rc8 9. 0-0 a6 10. Bxc6+ Rxc6 11. d3 Be7 12. Nd2 0-0 13. Qe2 Ne8 14. Nf3 f6 15. c4 Nc7 16. e4 Re8 17. Rae1 Bf8 18. Qf2 b5 19. Qc2 Qd7 20. g4 bxc4 21. bxc4 d4 22. Bc1 Rb6 23. Re2 Reb8 24. g5 Be7 25. Rg2 Ne8 26. gxf6 Bxf6 27. Ne5 Qb7 28. Ng4 Kh8 29. e5 Be7 30. f5 exf5 31. Rxf5 Nc7 32. h4 Rb1 33. Kh2 Qc8 34. Rf3 Bxh4 35. Rh3 Be7 36. Nf6 gxf6 37. Qe2 Qf5 38. Rh5 Qxh5+ 39. Qxh5 Rg8 40. Qf7 1-0

[Event "Vojvodina-chT"]
[Site "Kac"]
[Date "2016.11.18"]
[Round "5.1"]
[White "Drazic, Sinisa"]
[Black "Sekulic, Dusan"]
[Result "0-1"]
[WhiteElo "2415"]
[BlackElo "2218"]
[PlyCount "77"]
[EventDate "2016.11.15"]
[EventType "team-tourn"]
[EventRounds "11"]
[EventCountry "SRB"]
[SourceTitle "CBM 175 Extra"]
[Source "ChessBase"]
[SourceDate "2016.12.12"]
[SourceVersion "1"]
[SourceVersionDate "2016.12.12"]
[SourceQuality "1"]
[WhiteTeam "Omladinac"]
[BlackTeam "Banovci Dunav"]
[WhiteTeamCountry "SRB"]
[BlackTeamCountry "SRB"]

1. c4 e5 2. Nc3 d6 3. Nf3 g6 4. d4 Nd7 5. e4 Bg7 6. Be2 Ngf6 7. 0-0 0-0 8. Be3 Ng4 9. Bg5 f6 10. Bd2 Nh6 11. d5 Nf7 12. b4 f5 13. Ne1 Nf6 14. f3 f4 15. c5 g5 16. Nd3 h5 17. Be1 Nh6 18. Rc1 Rf7 19. Nb5 Bf8 20. Qc2 a6 21. Na3 Rg7 22. Kh1 h4 23. Nc4 Nh5 24. Kg1 g4 25. Ndxe5 dxe5 26. Nxe5 Ng3 27. hxg3 hxg3 28. fxg4 Qh4 29. Nf3 Qxg4 30. Bc4 Nf7 31. e5 Bf5 32. Qe2 Rh7 33. e6 Ng5 34. e7 Bg7 35. d6+ Kh8 36. Bf7 Nxf3+ 37. Rxf3 Bd4+ 38. Bf2 gxf2+ 39. Rxf2 0-1

[Event "Vojvodina-chT"]
[Site "Kac"]
[Date "2016.11.17"]
[Round "3.1"]
[White "Somborski, Nebojsa"]
[Black "Sekulic, Dusan"]
[Result "1-0"]
[WhiteElo "2327"]
[BlackElo "2218"]
[PlyCount "79"]
[EventDate "2016.11.15"]
[EventType "team-tourn"]
[EventRounds "11"]
[EventCountry "SRB"]
[SourceTitle "CBM 175 Extra"]
[Source "ChessBase"]
[SourceDate "2016.12.12"]
[SourceVersion "1"]
[SourceVersionDate "2016.12.12"]
[SourceQuality "1"]
[WhiteTeam "Krajisnik Krajina"]
[BlackTeam "Banovci Dunav"]
[WhiteTeamCountry "SRB"]
[BlackTeamCountry "SRB"]

1. e4 e5 2. Nf3 Nc6 3. Bb5 f5 4. Nc3 fxe4 5. Nxe4 d5 6. Nxe5 dxe4 7. Nxc6 Qg5 8. Qe2 Nf6 9. f4 Qxf4 10. Ne5+ c6 11. d4 Qh4+ 12. g3 Qh3 13. Bc4 Be6 14. Bf4 Be7 15. 0-0-0 0-0 16. Bg5 Rae8 17. Kb1 Bd6 18. Rdf1 Nd5 19. Rxf8+ Bxf8 20. Bb3 h6 21. Bc1 Nf6 22. Re1 Bd6 23. Nc4 Be7 24. Ne3 Nd5 25. Nxd5 Bxd5 26. c4 Bf7 27. Be3 Bh5 28. Qd2 Qf5 29. Rc1 c5 30. d5 b6 31. Ba4 Rd8 32. Re1 Bd6 33. Bc2 g5 34. Qf2 Qe5 35. Bd2 Bf3 36. Bc3 Qf5 37. b3 Re8 38. Qe3 Be5 39. Bxe4 Bxc3 40. Bxf5 1-0

[Event "Vojvodina-chT"]
[Site "Kac"]
[Date "2016.11.15"]
[Round "1.1"]
[White "Sekulic, Dusan"]
[Black "Csonka, Balazs"]
[Result "1/2-1/2"]
[WhiteElo "2218"]
[BlackElo "2398"]
[PlyCount "30"]
[EventDate "2016.11.15"]
[EventType "team-tourn"]
[EventRounds "11"]
[EventCountry "SRB"]
[SourceTitle "CBM 175 Extra"]
[Source "ChessBase"]
[SourceDate "2016.12.12"]
[SourceVersion "1"]
[SourceVersionDate "2016.12.12"]
[SourceQuality "1"]
[WhiteTeam "Banovci Dunav"]
[BlackTeam "Senta"]
[WhiteTeamCountry "SRB"]
[BlackTeamCountry "SRB"]

1. d4 Nf6 2. Nf3 d5 3. c4 c6 4. e3 Bf5 5. Nc3 a6 6. Qb3 b5 7. cxd5 cxd5 8. a4 b4 9. Ne2 Nc6 10. Ng3 Na5 11. Qd1 Bg4 12. Bd3 e6 13. h3 Bxf3 14. gxf3 Bd6 15. f4 h5 1/2-1/2

[Event "Cetinje op"]
[Site "Cetinje"]
[Date "2016.05.10"]
[Round "9"]
[White "Sekulic, Dusan"]
[Black "Milovic, Jovan"]
[Result "0-1"]
[WhiteElo "2249"]
[BlackElo "2307"]
[PlyCount "46"]
[EventDate "2016.05.04"]
[EventType "swiss"]
[EventRounds "9"]
[EventCountry "MNE"]
[SourceTitle "CBM 172 Extra"]
[Source "ChessBase"]
[SourceDate "2016.06.21"]
[SourceVersion "1"]
[SourceVersionDate "2016.06.21"]
[SourceQuality "1"]

1. d4 c5 2. d5 e6 3. c4 Bd6 4. Nf3 Bc7 5. e4 d6 6. Bd3 Nf6 7. 0-0 0-0 8. Qc2 Nbd7 9. dxe6 fxe6 10. e5 Nxe5 11. Nxe5 dxe5 12. Nc3 Bd7 13. Ne4 Bc6 14. Nxf6+ gxf6 15. Bxh7+ Kf7 16. Rd1 Bd6 17. Bh6 Rg8 18. Be4 f5 19. Bxc6 bxc6 20. f4 Qe7 21. Qd2 Rad8 22. Qe2 exf4 23. Qh5+ Rg6 0-1

[Event "Cetinje op"]
[Site "Cetinje"]
[Date "2016.05.08"]
[Round "7"]
[White "Sekulic, Dusan"]
[Black "Blagojevic, Dragisa"]
[Result "0-1"]
[WhiteElo "2249"]
[BlackElo "2498"]
[PlyCount "72"]
[EventDate "2016.05.04"]
[EventType "swiss"]
[EventRounds "9"]
[EventCountry "MNE"]
[SourceTitle "CBM 172 Extra"]
[Source "ChessBase"]
[SourceDate "2016.06.21"]
[SourceVersion "1"]
[SourceVersionDate "2016.06.21"]
[SourceQuality "1"]

1. d4 d5 2. Nf3 Nf6 3. c4 e6 4. e3 a6 5. Nbd2 c5 6. a3 cxd4 7. exd4 Nc6 8. Bd3 g6 9. 0-0 Bg7 10. c5 Nd7 11. Nb3 0-0 12. Be3 e5 13. dxe5 Ndxe5 14. Nxe5 Bxe5 15. Qd2 Be6 16. Bf4 Bg7 17. Rac1 Re8 18. Rc2 d4 19. Nc1 Qd7 20. b4 Na7 21. Be4 Bd5 22. Bxd5 Qxd5 23. Qd3 Rad8 24. h3 Re4 25. Ne2 Rde8 26. Nc3 Qb3 27. Rb1 Re1+ 28. Rxe1 Rxe1+ 29. Kh2 h5 30. Qd2 dxc3 31. Qxe1 Qxc2 32. Qe8+ Kh7 33. Qxf7 Qf5 34. Qc4 Nb5 35. Be3 Nxa3 36. Qa2 Nc2 0-1